Fault detectability in DWDM :toward higher signal quality & system reliability (Record no. 566379)

000 -LEADER
fixed length control field 01280cam a22003134a 4500
001 - CONTROL NUMBER
control field 12220235
003 - CONTROL NUMBER IDENTIFIER
control field CEME
005 - DATE AND TIME OF LATEST TRANSACTION
control field 20210628201512.0
008 - FIXED-LENGTH DATA ELEMENTS--GENERAL INFORMATION
fixed length control field 001102s2001 nyua b 001 0 eng
010 ## - LIBRARY OF CONGRESS CONTROL NUMBER
LC control number 00053533
020 ## - INTERNATIONAL STANDARD BOOK NUMBER
International Standard Book Number 0780360443
040 ## - CATALOGING SOURCE
Original cataloging agency DLC
Transcribing agency DLC
Modifying agency DLC
042 ## - AUTHENTICATION CODE
Authentication code pcc
050 00 - LIBRARY OF CONGRESS CALL NUMBER
Classification number TK5103.59
Item number .K34 2001
082 00 - DEWEY DECIMAL CLASSIFICATION NUMBER
Classification number 621.382/7
Edition number 21
100 1# - MAIN ENTRY--PERSONAL NAME
Personal name Kartalopoulos, Stamatios V.
9 (RLIN) 55545
245 10 - TITLE STATEMENT
Title Fault detectability in DWDM :toward higher signal quality & system reliability
Remainder of title toward higher signal quality & system reliability
Statement of responsibility, etc. Stamatios V. Kartalopoulos.
260 ## - PUBLICATION, DISTRIBUTION, ETC.
Place of publication, distribution, etc. New York :
Name of publisher, distributor, etc. IEEE Press,
Date of publication, distribution, etc. 2001.
300 ## - PHYSICAL DESCRIPTION
Extent xx, 156 p. :
Other physical details ill. ;
Dimensions 23 cm.
504 ## - BIBLIOGRAPHY, ETC. NOTE
Bibliography, etc. note Includes bibliographical references and index.
650 #0 - SUBJECT ADDED ENTRY--TOPICAL TERM
Topical term or geographic name entry element Optical communications.
9 (RLIN) 55546
650 #0 - SUBJECT ADDED ENTRY--TOPICAL TERM
Topical term or geographic name entry element Wavelength division multiplexing.
9 (RLIN) 55547
650 #0 - SUBJECT ADDED ENTRY--TOPICAL TERM
Topical term or geographic name entry element Signal processing
General subdivision Digital techniques.
9 (RLIN) 55548
650 #0 - SUBJECT ADDED ENTRY--TOPICAL TERM
Topical term or geographic name entry element Fault location (Engineering)
9 (RLIN) 55549
856 42 - ELECTRONIC LOCATION AND ACCESS
Materials specified Publisher description
Uniform Resource Identifier <a href="http://www.loc.gov/catdir/description/wiley039/00053533.html">http://www.loc.gov/catdir/description/wiley039/00053533.html</a>
856 41 - ELECTRONIC LOCATION AND ACCESS
Materials specified Table of contents only
Uniform Resource Identifier <a href="http://www.loc.gov/catdir/toc/fy022/00053533.html">http://www.loc.gov/catdir/toc/fy022/00053533.html</a>
856 42 - ELECTRONIC LOCATION AND ACCESS
Materials specified Contributor biographical information
Uniform Resource Identifier <a href="http://www.loc.gov/catdir/enhancements/fy0610/00053533-b.html">http://www.loc.gov/catdir/enhancements/fy0610/00053533-b.html</a>
942 ## - ADDED ENTRY ELEMENTS (KOHA)
Source of classification or shelving scheme
Koha item type Book
Holdings
Withdrawn status Lost status Source of classification or shelving scheme Damaged status Not for loan Permanent Location Current Location Shelving location Date acquired Total Checkouts Full call number Barcode Date last seen Price effective from Koha item type
          College of Electrical & Mechanical Engineering (CEME) College of Electrical & Mechanical Engineering (CEME) General Stacks 03/22/2017   621.3827 KAR CEME-42244 06/28/2021 06/28/2021 Book
          College of Electrical & Mechanical Engineering (CEME) College of Electrical & Mechanical Engineering (CEME) General Stacks 03/22/2017   621.3827 KAR CEME-42245 06/28/2021 06/28/2021 Book
          College of Electrical & Mechanical Engineering (CEME) College of Electrical & Mechanical Engineering (CEME) General Stacks 03/22/2017   621.3827 KAR CEME-42516 06/28/2021 06/28/2021 Book
          College of Electrical & Mechanical Engineering (CEME) College of Electrical & Mechanical Engineering (CEME) General Stacks 03/22/2017   621.3827 KAR CEME-42517 06/28/2021 06/28/2021 Book
© 2023 Central Library, National University of Sciences and Technology. All Rights Reserved.